000 00838nam a2200217 i 4500
001 68268
003 ES-MaACL
005 20230906170235.0
007 t|
008 040615s2004 sp ||||1| spa d
020 _a84-87694-08-X
080 _a61 Ramón y Cajal, Santiago (082.2)
245 0 0 _aHomenaje del Ilustre Colegio Oficial de Médicos de Madrid a Santiago Ramón y Cajal
_b: 150 Aniversario de su nacimiento /
_cprólogo, Juliana Fariña González.
260 _aMadrid :
_bIlustre Colegio Oficial de Médicos de Madrid,
_c2004.
300 _a315 p. :
_bil. ;
_c21 cm.
600 1 4 _aRamón y Cajal, Santiago,
_d1852-1934-
_vHomenajes
_995230
700 1 _aFariña González, Juliana.
_948866
710 2 _aIlustre Colegio Oficial de Médicos de Madrid.
_94693
852 _aES-MaACL
_jL-27965
999 _c68268
_d68268